000 01478nam a22003614a 4500
001 vtls003193570
003 MY-SjTCS
005 20200306171231.0
006 m u
007 cr cn|||||||||
008 100712s2003 ne a sb 000 0 eng
010 _z 2003-106106
020 _z1586033557
035 _a(CaPaEBR)ebr10116446
039 9 _y201007121642
_zVLOAD
040 _aCaPaEBR
_cCaPaEBR
050 1 4 _aRG491
_b.N68 2003eb
082 0 4 _a616.99/44906
_222
245 0 0 _aNovel targets in breast disease
_h[electronic resource] /
_cedited by Stan Lipkowitz.
260 _aAmsterdam ;
_aWashington, DC :
_bIOS Press,
_cc2003.
300 _a90 p. :
_bill. ;
_c27 cm.
500 _a"This is the book ed. of the journal Breast disease, vol. 15 (2002), issn 0888-6008"--T.p. verso.
504 _aIncludes bibliographical references.
529 _aTSLHHL
533 _aElectronic reproduction.
_bPalo Alto, Calif. :
_cebrary,
_d2009.
_nAvailable via World Wide Web.
_nAccess may be limited to ebrary affiliated libraries.
650 0 _aBreast
_xDiseases.
_9299865
650 0 _aBreast
_xCancer.
_9299866
650 0 _aBreast
_xCancer
_xTreatment.
_939399
655 7 _aElectronic books.
_2local
_9201578
700 1 _aLipkowitz, Stan.
_9299867
710 2 _aebrary, Inc.
_925628
856 4 0 _uhttps://ezproxy.taylors.edu.my/login?url=http://site.ebrary.com/lib/taylorscollege/Doc?id=10116446
_zAn electronic book accessible through the World Wide Web; click to view
999 _c67863